Statistics for Mlb Top player from each team of all time.

Click here to take the quiz!

General Stats

  • This quiz has been taken 37 times
  • The average score is 24 of 31

Answer Stats

HintAnswer% Correct
"the bambino" (yankees)Babe Ruth
97%
he is known as the best power hitter in most recent years (Angels) still activeMike Trout
97%
pitching award named after him (Indians for him it would be the spiders)Cy Young
94%
Amazing defender, shortstop (cardinals)Ozzie Smith
94%
2018 Home run derby winner (nationals) still activeBryce harper
92%
made many accomplishments in his career, shortstop, (Orioles) Cal Ripken Jr.
92%
"Mr. Cub" (cubs)Ernie Banks
92%
Him and his father played on the same team at one point (mariners)Ken Griffey Jr.
92%
One of if not the best catcher of all time (Mets)Mike Piazza
92%
First black american ball player, number 24 (dodgers)Jackie Robinson
89%
Played with his son on the same team (reds)Ken Griffey Sr.
89%
Thrown out trying to get a double as his 3000th base hit (Astros)Craig Biggio
86%
Known for his pitching, and his height (diamondbacks)Randy Johnson
86%
Most hated Ball player of all time over 4000 hits (Tigers)Ty Cobb
86%
38 years old, 3000+ base hits (Rangers) still activeAdrian Beltre
83%
Power hitter, know to lay down a bunt here or there despite his lack of speed (red sox)David Ortiz
83%
first to beat babe ruth's Hr record (braves)Hank Aaron
83%
Power hitting catcher, good fielder (Giants) still activeBuster Posey
81%
"Killer" (Twins)Harmon Killebrew
81%
Hit a ball bouncing up to the plate for a single (Expos)Vladimir Guerrero
81%
Power hitting first basemen and played 17 years in the big leagues (rockies)Todd Helton
78%
Regular Dh, not known for his fielding but could slam a ball (white sox)Frank Thomas
75%
Dodger player now, going to retire after this year, stud shortstop second baseman (phillies)Chase Utley
72%
Most recent cycle hitter (Brewers) still active Christian Yelich
69%
Power hitter lost most of his pop (Pirates) Still activeAndrew Mccutchen
64%
all time single season hit king (Marlins)Ichiro
64%
Ptches for the pirates now, has not been doing good (rays) Still activeChris Archer
58%
Stud Closing pitcher, played in 1960's-1970's most know playing time (Athletics)Rollie Fingers
56%
went to 3 different teams now this year (Blue jays)Jose Bautista
39%
He was an outfielder known for his speed and ability as an effective leadoff hitter (Royals)Willie Wilson
25%
Fast, 3000+ base hits (Padres)Dave Winfield
19%

Score Distribution

Percentile by Number Answered

Percent of People with Each Score

Your Score History

You have not taken this quiz